00642nam a2200157Ia 4500008004100000020001800041041000800059082001700067100001800084245013100102260006500233300001400298650002000312999001900332952013300351210716s2016 xx 000 0 und d a9789352133826 aeng a004.602 SKLD aSklar, David. aLearning php: a gentle introduction to the webs most popular language.bGentle introduction to the webs most popular language. aNew DelhibShroff Publishers and Distributors Pvt Ltdc2016 axviii,394 aPHP Programming c195409d195409 001040708MCAaAIMITbAIMITeShroff Publishersg700.00l0o004.602 SKLDpMCA14918r2025-07-21 00:00:00v525.00w2021-07-16yBK